| 000 | 01632cam a2200397 a 4500 | ||
|---|---|---|---|
| 001 | 14545728 | ||
| 003 | OSt | ||
| 005 | 20140310182740.0 | ||
| 008 | 060911s2006 nyu 000 0 eng | ||
| 010 | _a 2006030149 | ||
| 020 | _a0735204128 | ||
| 020 | _a9780735204126 | ||
| 035 | _a(OCoLC)ocm71507174 | ||
| 035 | _a(OCoLC)71507174 | ||
| 040 |
_aDLC _cDLC _dYDX _dBAKER _dYDXCP _dDLC |
||
| 050 | 0 | 0 |
_aHF 5549.5.R3 _b.R86 2006 |
| 100 | 1 | _aRunion, Meryl. | |
| 245 | 1 | 0 |
_aHow to say it performance reviews : _bphrases and strategies for painless and productive performance reviews / _cMeryl Runion and Janelle Brittain. |
| 250 | _a1st ed. | ||
| 260 |
_aNew York : _bPrentice Hall Press/Penguin Group, _c2006. |
||
| 300 |
_a207 p. : _c19 cm. |
||
| 440 | 0 | _aHow to say it | |
| 500 | _a"A Prentice Hall Book."--T.p. verso. | ||
| 521 | _aBSBA | ||
| 650 | 0 |
_aEmployees _xRating of. |
|
| 650 | 0 |
_aPerformance _xTerminology. |
|
| 650 | 0 |
_aEmployees _xRating of _xTerminology. |
|
| 700 | 1 | _aBrittain, Jan. | |
| 856 | 4 | 1 |
_3Table of contents only _uhttp://www.loc.gov/catdir/toc/ecip071/2006030149.html |
| 856 | 4 | 2 |
_3Contributor biographical information _uhttp://www.loc.gov/catdir/enhancements/fy0720/2006030149-b.html |
| 856 | 4 | 2 |
_3Publisher description _uhttp://www.loc.gov/catdir/enhancements/fy0720/2006030149-d.html |
| 906 |
_a7 _bcbc _corignew _d1 _eecip _f20 _gy-gencatlg |
||
| 942 |
_2lcc _cBK _kFOR |
||
| 999 |
_c15539 _d15539 |
||